| 000 | 00000nam##2200000za#4500 |
| 001 | 9.643640 |
| 003 | CaOODSP |
| 005 | 20210624224249 |
| 007 | cr ||||||||||| |
| 008 | 150407|2008||||xxc|||||o f|0| 0 fre|d |
| 040 | |aCaOODSP|bfre |
| 043 | |an-cn--- |
| 086 | 1 |aH128-1/08-535F-PDF |
| 110 | 1 |aCanada.|bSanté Canada. |bSécurité des produits de consommation. |
| 245 | 10|aPorte-bébés et porte-bébés en bandoulière |h[ressource électronique] |
| 260 | |aOttawa - Ontario : |bSanté Canada. |cc2008. |
| 300 | |a1p.|bill. |
| 500 | |aLe n° de catalogue (H128-1/08-535) et l'ISBN (978-0-662-05674-4) de l'édition imprimée bilingue ont été incorrectement copiés dans l'édition électronique. |
| 590 | |a14-14-Supp|b2014-07-24 |
| 691 | 07|aSécurité de l'enfant|2gcpds |
| 775 | 08|tBaby slings and carriers |w(CaOODSP)9.699664 |
| 776 | 0#|tBaby slings and carriers |w(CaOODSP)9.670079 |
| 776 | 0#|tPorte-bébés et porte-bébés en bandoulière |w(CaOODSP)9.670080 |
| 856 | 40|ahttp://publications.gc.ca|qPDF|s113 Ko|uhttps://publications.gc.ca/collections/collection_2014/sc-hc/H128-1-08-535-fra.pdf |
| 986 | |aPub : 4518 |